| 000 | 00336nam a2200133Ia 4500 | ||
|---|---|---|---|
| 005 | 20260328104337.0 | ||
| 008 | 260328s9999||||xx |||||||||||||| ||und|| | ||
| 100 | _aMestre, Octavio | ||
| 245 | 0 |
_aGuia de Arquitectura para los no Arquitectos 3 / _cOctavio Mestre |
|
| 260 | _bAltair | ||
| 300 | _a80 p. | ||
| 650 | _aROMA | ||
| 942 | _cBK | ||
| 999 |
_c11959 _d11959 |
||